| 000 | 00972cad a22002175a 4500 | ||
|---|---|---|---|
| 001 | E153810 | ||
| 008 | 110906s2011 xxk f 000 0 eng d | ||
| 035 | _a(Sirsi) u153810 | ||
| 041 | 0 | _aeng | |
| 110 | 2 |
_aScottish Building Federation _95621 |
|
| 245 | 0 | 0 |
_aMaking housing a national priority _h[electronic resource] |
| 260 |
_a[S.l.] _bSFHA _c2011 |
||
| 520 | _aSuggests that the Scottish Government should prioritise housing, both to meet the increasing demand for affordable homes, and to create jobs. | ||
| 590 | _aKA | ||
| 651 | 4 |
_aScotland _y1999- |
|
| 690 | _aPROPERTY-RESIDENTIAL PROPERTY-DOMESTIC RESIDENTIAL PROPERTY-HOUSING | ||
| 710 | 1 |
_aScottish Federation of Housing Associations _93215 |
|
| 710 | 1 | _aGlasgow and West of Scotland Forum of Housing Associations | |
| 856 | 4 | 0 |
_uhttps://www.sfha.co.uk/sfha/latest-news/make-housing-a-national-priority-scottish-government-urged/menu-id-8.html _zView the item free of charge at www.sfha.co.uk |
| 942 | _n0 | ||
| 999 |
_c112712 _d112712 |
||